| 000 | 00495nam a2200121Ia 4500 | ||
|---|---|---|---|
| 008 | 220615s9999||||xx |||||||||||||| ||und|| | ||
| 245 | 0 | _aResearch Guide to People's Daily Editorials, 1949–1975 | |
| 546 | _aEnglish[eng] | ||
| 650 | _aSociology and anthropology | ||
| 700 | _aOksenberg, Michel||Henderson, Gail | ||
| 856 | _uhttps://library.oapen.org/bitstream/20.500.12657/41871/1/9780472901791.pdf||https://library.oapen.org/bitstream/20.500.12657/41871/1/9780472901791.pdf | ||
| 942 | _cEB | ||
| 999 |
_c13318 _d13318 |
||